00521nam a2200133Ia 4500008004100000041000800041082002600049100002300075245003800098260003700136300000900173999001900182952018600201230411s9999 xx 000 0 und d aeng aDI/616.904/JAI/B07513 aJain Manoj9179610 aManagement of Infectious Diseases bJaypee BrothersaNew Delhic2010 a362p c157630d157630 001040708DIaBTINbBTINd2013-03-21eJaypee Brothers Medical Publishersg450.00i5251l0oDI 616.904 JAI B07513pBTIN-BK-7513r2023-04-11 00:00:00v328.00w2013-03-21yBKzB07513